| 000 | 01199nam a2200289 i 4500 | ||
|---|---|---|---|
| 001 | bg | ||
| 100 | 1 |
_aBurleigh, Michael _d(1955- ). |
|
| 245 | 1 | 0 |
_aIrdische Mächte, göttliches Heil : _bDie Geschichte des Kampfes zwischen Politik und Religion von der Französischen Revolution bis in die Gegenwart / _cMichael Burleigh ; aus dem Englischen von Klaus Binder und Bernd Leinweber. |
| 246 | 3 |
_iTyt. oryg. : _aEarthly powers : _bthe clas of religion and politics in Europe from the French Revolution to the Great War |
|
| 260 |
_aMünchen : _bDeutsche Verlags-Anstalt, _c2008. |
||
| 300 |
_a1280 s. ; _c24 cm. |
||
| 500 | _aOryginalne wydanie w dwóch tomach. | ||
| 504 | _aBibliogr. s. 1229-1263. Indeks. | ||
| 650 | 9 |
_aChrześcijaństwo _xa polityka _zEuropa _xhistoria |
|
| 650 | 9 |
_aKościoły chrześcijańskie _y18-21 w. |
|
| 700 | 1 |
_aBinder, Klaus. _eTł. |
|
| 700 | 1 |
_aLeineweber, Bernd. _eTł. |
|
| 020 | _a9783421042293 | ||
| 040 | _cBPK | ||
| 041 | 0 |
_ager _heng |
|
| 044 | _aDEU | ||
| 080 | _a27(4):32]"17/20" | ||
| 920 | _a978-3-421-04229-3 | ||
| 942 | _cKS | ||
| 008 | 090721s2008 de a |000 0 ger | ||
| 999 |
_c56547 _d56547 |
||
| 856 |
_uhttp://koha.tu.koszalin.pl/cgi-bin/koha/opac-detail.pl?biblionumber=56547 _yKatalog online BPK |
||